00636nam a2200193 a 450000100100000000500170001000800410002704000250006808200170009310000240011024500800013426000470021430000330026150000340029450000430032865000160037165000270038765000280041400002335920250701132841.0101203s1940 sp a r 001 0 spa d aDO-SdBNPbspacBNPHU a338.9bG285a1 aGay de Montella, R.10aAutarquía :bnuevas orientaciones de la economía /cR. Gay de Montella. aBarcelona :bBosch, Casa editorial,c1940. axii, 124 p. :bil. ;c22 cm. aIncluye índice de materias. aIncluye notas al pie de las páginas. 4aAutarquía 0aDesarrollo económico 4aCrecimiento económico